Extremely Hard General Knowledge #26 - Statistics

General Stats
  • This quiz has been taken 516 times
  • The average score is 4 of 20
Answer Stats
Hint Answer % Correct
Place these philosophers in order of who was born first: Aristotle, Plato, Socrates Socrates Plato Aristotle
67%
Which Danish band had Three UK Number Ones in the 1990's with 'Doctor Jones', 'Turn Back Time' and 'Barbie Girl'? Aqua
54%
The Trimurti is the trinity gods in Hinduism and are made up of Shiva (destroyer), Vishnu (preserver) and which other god, known as the creator? Brahma
32%
Ayrton Senna died on 1st May 1994 in which countries Grand Prix? San Marino
29%
Which actor was born in 1933 with the name Maurice Micklewhite Jr.? Michael Caine
27%
In The Book of Genesis, who sold their birth right to Jacob? Esau
24%
In which year was the first Glastonbury festival? 1970
22%
Who is the female national personification of Switzerland? Helvetia
19%
Which kind of flour is used in the popular Indian snack called sev? {Chickpea} flour
18%
Who ran a dictatorship of Zaire (now D.R. Congo) from 1965 to 1997? Mobutu Sese Seko
17%
Moth, Spider and Boat are all members of what family of flowers? Orchid
15%
Which 17th century British composer's works included 'Dido and Aeneas' and 'The Fairy Queen'? Henry Purcell
11%
Who captained England at the 1992 Cricket World Cup? Graham Gooch
10%
What is the name of the mountain in Rio de Janeiro that Christ the Redeemer sits atop? Mount {Corcovado}
10%
What was the name of Elizabeth Taylor's first husband who she married in 1950? Conrad "Nicky" Hilton
9%
Who was the first female Canadian prime minister holding the position for just over 4 months in 1993? Kim Campbell
8%
Found in New Zealand, which kitchen-based name is given to the largest hot spring? {Frying} {Pan} Lake
7%
Which American mystery author had a series of novels that followed a letter of the alphabet i.e. A is for Alibi, V is for Vengeance etc. ? Sue Grafton
7%
Who played Charles Sobhraj in the 2021 BBC Drama Series 'The Serpent'? Tahar Rahim
2%
In 1958, who became the first Asian woman to win an Oscar in an Acting category for Sayonara (1957)? Miyoshi Umeki
1%
No matching quizzes found
Score Distribution
Percent of People with Each Score
Percentile by Number Answered
Your Score History
You have not taken this quiz